000 00390nam a22001577a 4500
003 OSt
005 20170523141227.0
008 170523b xxu||||| |||| 00| 0 eng d
020 _a9780073382296
040 _cRU
050 _aHG4910
_b.S28 2009
100 _aAnthony Saunders
245 _aFinancial markets and institutions
260 _aNew york
_bMcGraw Hill
_c2009
942 _cBK
_2lcc
999 _c251956
_d251955